Every LEGO DC Comics Super Heroes Minifigure Ever Released - Statistics

General Stats
  • This quiz has been taken 48 times
  • The average score is 89 of 161
Answer Stats
% Correct
Barbara Gordon
100%
Batgirl
100%
Batman
100%
Batman of Zur-En-Arrh
100%
Bruce Wayne
100%
Catwoman
100%
Dick Grayson
100%
Man-Bat
100%
Red Hood (The Joker)
100%
Robin (Damian Wayne)
100%
Robin (Dick Grayson)
100%
Robin (Jason Todd)
100%
Robin (Tim Drake)
100%
Selina Kyle
100%
The Joker
100%
Wonder Woman
100%
Dr. Harleen Quinzel
97%
Green Lantern (Hal Jordan)
97%
Harley Quinn
97%
Superman (Kal-El)
97%
Superman (Val-Zod)
97%
The Penguin (Oswald Cobblepot)
97%
The Penguin (Oz Cobb)
97%
The Riddler (Edward Nashton)
97%
The Riddler (Edward Nigma)
97%
Green Lantern (Jessica Cruz)
95%
Green Lantern (John Stewart)
95%
Green Lantern (Simon Baz)
95%
The Scarecrow
95%
Alfred Pennyworth
92%
Aquaman
92%
Cyborg
92%
Killer Croc
89%
Lex Luthor
89%
The Flash (Barry Allen)
89%
The Flash (Jay Garrick)
89%
Two-Face
89%
Ra’s al Ghul
86%
Bane
84%
Commissioner Gordon
84%
Lieutenant Gordon
84%
Mr. Freeze
84%
Nightwing
84%
Supergirl
84%
Thaal Sinestro
84%
Black Manta
81%
Cheetah (Priscilla Rich)
81%
Poison Ivy
81%
Batwoman
78%
Cheetah (Barbara Minerva)
78%
Krypto the Superdog
78%
Bizarro
76%
Brainiac
76%
Gorilla Grodd
76%
Joker Goon
73%
Lawrence the Boombox Goon
73%
Penguin Minion
73%
Reverse-Flash
73%
Two-Face Goon
73%
Beast Boy
70%
Martian Manhunter
70%
Mr. Freeze Goon
70%
Starfire
70%
Darkseid
68%
General Zod
68%
LexCorp Goon
68%
Talia Al Ghul
68%
Deathstroke
65%
Green Arrow
65%
Huntress
62%
Lois Lane
62%
Superboy
62%
Captain Cold
59%
Lena Luthor
59%
Red Hood (Jason Todd)
59%
Batwing
57%
Bumblebee
57%
Deadshot
57%
Hawkgirl
57%
Hawkman
57%
Captain Boomerang
54%
Egghead
54%
Blue Beetle
49%
Doomsday
49%
Killer Moth
49%
Lashina
49%
Eclipso
46%
Ocean Master
46%
Talon
46%
Bat-Mite
43%
Mera
43%
OMAC
43%
Security Guard
43%
Ace the Bathound
41%
Black Canary
41%
Black Lightning
41%
Condiment King
41%
Arkham Asylum Guard
38%
Captain Marvel
38%
Firefly
38%
Mister Miracle
38%
Police Officer
38%
Steve Trevor
38%
Batzarro
35%
Calendar Man
35%
Catman
35%
Jor-El
35%
Kite-Man
35%
Vicki Vale
35%
Hugo Strange
32%
Katana
32%
Plastic Man
32%
Arsenal
30%
Faora Hu-Ul
30%
Firestorm
30%
Killer Frost
30%
Atom
27%
Lobo
27%
Parademon
27%
Polka-Dot Man
27%
King Tut
24%
Vixen
24%
Aaron Cash
22%
Clock King
22%
Metamorpho
22%
Trickster
22%
Truck Driver
22%
Bronze Tiger
19%
Calculator
19%
Cosmic Boy
19%
Doctor Phosphorus
19%
Farmer
19%
Lightning Lad
19%
Magpie
19%
Max Lord
19%
Orca
19%
Stargirl
19%
Tarantula
19%
El Dorado
16%
Eraser
16%
March Harriet
16%
Mayor McCaskill
16%
Zebra Man
16%
Atlantean Guard
14%
Black Vulcan
14%
Chief O'Hara
14%
Colonel Hardy
14%
Crazy Quilt
14%
Kabuki Twin
14%
Max Shreck
14%
Mime
14%
Mutant Leader
14%
Tor-An
14%
Apache Chief
11%
Etta Candy
11%
Gentleman Ghost
11%
Jayna
11%
Mad Harriet
11%
Wonder Dog
11%
Zan
11%
Zodiac Master
11%
No matching quizzes found
Score Distribution
Percent of People with Each Score
Percentile by Number Answered
Your Score History
You have not taken this quiz